| 000 | 00000nas 2200000zi 4500 |
| 001 | 9.877811 |
| 003 | CaOODSP |
| 005 | 20250109085056 |
| 006 | m o d f |
| 007 | cr ||||||||||| |
| 008 | 190812c20199999oncar p o f0###a0eng|d |
| 022 | |a2562-7805 |
| 040 | |aCaOODSP|beng|erda|cCaOODSP |
| 043 | |an-cn--- |
| 086 | 1 |aHP22-1E-PDF |
| 222 | 2|aA dementia strategy for Canada |
| 245 | 02|aA dementia strategy for Canada : |btogether we aspire : … annual report to Parliament … |
| 246 | 3 |iIssues 2020- have title: |aA dementia strategy for Canada : |btogether we achieve : ... annual report |
| 264 | 1|a[Ottawa] : |bPublic Health Agency of Canada = Agence de la santé publique du Canada, |c2019- |
| 310 | |aAnnual |
| 336 | |atext|2rdacontent |
| 337 | |acomputer|2rdamedia |
| 338 | |aonline resource|2rdacarrier |
| 362 | 1 |aBegan with: 1st (June 2019). |
| 500 | |aIssued also in French under title: Une stratégie sur la démence pour le Canada : ensemble, nous y aspirons, … rapport annuel au Parlement … |
| 588 | |aDescription based on: 1st (June 2019). |
| 588 | |aLatest issue consulted: 1st (June 2019). |
| 650 | 0|aDementia|xGovernment policy|zCanada|vPeriodicals. |
| 650 | 0|aDementia|xPatients|xCare|zCanada|vPeriodicals. |
| 650 | 0|aDementia|zCanada|xPrevention|vPeriodicals. |
| 710 | 2 |aPublic Health Agency of Canada, |eissuing body. |
| 775 | 08|tUne stratégie sur la démence pour le Canada : |w(CaOODSP)9.877814 |
| 986 | |aPub.: 190276 |